Communication through the ages (Record no. 2199)

MARC details
000 -LEADER
fixed length control field 00529 a2200181 4500
001 - CONTROL NUMBER
control field 068543
003 - CONTROL NUMBER IDENTIFIER
control field OSt
005 - DATE AND TIME OF LATEST TRANSACTION
control field 20220218174013.0
008 - FIXED-LENGTH DATA ELEMENTS--GENERAL INFORMATION
fixed length control field
082 ## - DEWEY DECIMAL CLASSIFICATION NUMBER
Classification number 302.2
Item number C73C
245 1# - TITLE STATEMENT
Title Communication through the ages
Statement of responsibility, etc edited by Lakhan Mehrotra and Raghavendra Vajpeyi
260 ## - PUBLICATION, DISTRIBUTION, ETC. (IMPRINT)
Place of publication, distribution, etc New Delhi
Name of publisher, distributor, etc Aryan Book
Date of publication, distribution, etc 2009
300 ## - PHYSICAL DESCRIPTION
Extent 165p.
653 ## - INDEX TERM--UNCONTROLLED
Uncontrolled term Telecommunication; Signals and signaling
700 ## - ADDED ENTRY--PERSONAL NAME
Personal name Mehrotra, Lakhan
Relator term Editor
700 ## - ADDED ENTRY--PERSONAL NAME
Personal name Vajpeyi, Raghavendra
Relator term Editor
942 ## - ADDED ENTRY ELEMENTS (KOHA)
Source of classification or shelving scheme Dewey Decimal Classification
Koha item type Books
Holdings
Withdrawn status Lost status Source of classification or shelving scheme Damaged status Not for loan Collection code Home library Current library Date acquired Source of acquisition Cost, normal purchase price Total Checkouts Full call number Barcode Date last seen Price effective from Koha item type
    Dewey Decimal Classification     General Text Book Central University Of Rajasthan Central University Of Rajasthan 07/03/2012 ENG 495.00   302.2 C73C 2830 21/11/2024 02/09/2020 Books